Normal view
MARC view
- Dubos, Rene
Entry Personal Name
001 - CONTROL NUMBER
- control field: 134021
003 - CONTROL NUMBER IDENTIFIER
- control field: NUST
005 - DATE AND TIME OF LATEST TRANSACTION
- control field: 20260409125511.0
008 - FIXED-LENGTH DATA ELEMENTS
- fixed length control field: 260409|| aca||aabn | a|a d
040 ## - CATALOGING SOURCE
- Original cataloging agency: NUST
- Transcribing agency: NUST
100 ## - HEADING--PERSONAL NAME
- Personal name: Dubos, Rene
670 ## - SOURCE DATA FOUND
- Source citation: Work cat.: (NUST): Dubos, Rene., So Human an Animal /, 1968.
